000 00350nam a2200157Ia 4500
003 OSt
005 20240118152902.0
008 170524s9999 xx 000 0 und d
020 _a0230638856
040 _ciimt university meerut
100 _aSHARMA J K
100 _c2012
245 0 _aOPERATION RESEARCH
260 _aMacMillan
942 _2ddc
_c02
999 _c2646
_d2646